| 000 | 00000nam 2200000zi 4500 |
| 001 | 9.920958 |
| 003 | CaOODSP |
| 005 | 20241122115823 |
| 006 | m o d f |
| 007 | cr mn||||||||| |
| 008 | 230315t20232023quca o f000 0 ||| d |
| 020 | |a9780660480350 |
| 040 | |aCaOODSP|beng|erda|cCaOODSP |
| 041 | 7|ascs|aeng|2iso639-3 |
| 043 | |an-cn-nt |
| 086 | 1 |aR62-592/2023EScs-PDF |
| 245 | 00|aBegháré tı̨ch'ádı́ı káts'eneta erı̨htł'é = |bThe animal sign guide. |
| 246 | 31|aAnimal sign guide |
| 264 | 1|a[Gatineau, Quebec] : |bParks Canada = Parcs Canada, |c[2023] |
| 264 | 4|c©2023 |
| 300 | |a1 online resource (24 pages) : |billustrations (chiefly colour) |
| 336 | |atext|btxt|2rdacontent |
| 337 | |acomputer|bc|2rdamedia |
| 338 | |aonline resource|bcr|2rdacarrier |
| 500 | |aIssued also in North Slavey/French under title: Begháré tįch'ádíi káts'eneta erįhtł'é = Le guide des traces d'animaux. |
| 500 | |a"Dene translator: Patricia Modeste; Dene proof reader: Sarah Cleary …"--Page [1]. |
| 520 | |a"Many wildlife species can be seen in Saoyú-ʔehdacho National Historic Site. Animals use different habitats such as Sahtú (Great Bear Lake), river valleys, boreal forest, and wetlands. These areas offer food, shelter, breeding areas, and rest stops during long migrations. Large, iconic species like caribou, bears, and moose live in the site, but visitors may see others as well. Visitors who are familiar with animal signs – tracks, scat, and other traces – have more opportunities to experience the site's wildlife. Their observations can also help in avoiding unexpected and potentially unsafe wildlife encounters. This guide describes some of the most common animal signs in the site"--Provided by publisher. |
| 546 | |aText in North Slavey and English. |
| 650 | 0|aAnimal tracks|zNorthwest Territories|zGreat Bear Lake Region. |
| 700 | 1 |aModeste, Patricia, |etranslator. |
| 710 | 2 |aParks Canada, |eissuing body. |
| 775 | 08|tBegháré tįch'ádíi káts'eneta erįhtł'é = |w(CaOODSP)9.920959 |
| 776 | 0#|tThe animal sign guide|w(CaOODSP)9.920960 |
| 856 | 40|qPDF|s20.50 MB|uhttps://publications.gc.ca/collections/collection_2024/pc/R62-592-2023-escs.pdf |